Vliv ekonomické vyspělosti dané země na výrobu a spotřebu energie z obnovitelných zdrojů

Zameranie na energetický mix v jednotlivých krajinách v rámci európskeho priestoru. Predmet skúmania je nielen aktuálny stav v súvislosti s využitím obnoviteľných zdrojov energie, ale i pohľad do minulosti a predpovede ďalšieho vývoja v kontexte prechodu od konvenčnej energetiky k tzv. zelenej elekt...

Descrizione completa

Salvato in:
Dettagli Bibliografici
Autore principale: Sedlák, Jiří
Altri autori: Sagapova, Nikola, Dvořáková, Markéta
Natura: Capitolo di libro
Lingua:ceco
Soggetti:
Tags: Aggiungi Tag
Nessun Tag, puoi essere il primo ad aggiungerne!!

MARC

LEADER 00000naa a2200000 4500
001 0253168
005 20190423124035.2
041 0 |a cze 
044 |a CZ 
245 1 0 |a Vliv ekonomické vyspělosti dané země na výrobu a spotřebu energie z obnovitelných zdrojů  |c Jiří Sedlák, Nikola Sagapova, Markéta Dvořáková 
520 |a Zameranie na energetický mix v jednotlivých krajinách v rámci európskeho priestoru. Predmet skúmania je nielen aktuálny stav v súvislosti s využitím obnoviteľných zdrojov energie, ale i pohľad do minulosti a predpovede ďalšieho vývoja v kontexte prechodu od konvenčnej energetiky k tzv. zelenej elektrine. Zisťovanie pomocou regresnej analýzy, akým spôsobom ekonomické faktory ako HDP, nezamestnanosť a inflácia, ovplyvňujú produkciu a spotrebu obnoviteľných zdrojov energie. 
610 2 0 |a zdroje energie obnoviteľné 
610 2 0 |a energetika 
610 2 0 |a environmentalistika 
610 2 0 |a zmeny klimatické 
610 2 0 |a nezamestnanosť 
610 2 0 |a produkt domáci hrubý 
610 2 0 |a inflácia 
610 2 0 |a analýza regresná 
610 2 0 |a Európska únia 
100 1 |a Sedlák, Jiří 
700 1 |a Sagapova, Nikola 
700 1 |a Dvořáková, Markéta